Molloy ; (Record no. 196)
[ view plain ]
| 000 -LEADER | |
|---|---|
| fixed length control field | 00947cam a2200289 i 4500 |
| 001 - CONTROL NUMBER | |
| control field | 2726336 |
| 005 - DATE AND TIME OF LATEST TRANSACTION | |
| control field | 20200421093822.0 |
| 008 - FIXED-LENGTH DATA ELEMENTS--GENERAL INFORMATION | |
| fixed length control field | 770823s1959 enk 000 1 eng |
| 010 ## - LIBRARY OF CONGRESS CONTROL NUMBER | |
| LC control number | 77366967 |
| 015 ## - NATIONAL BIBLIOGRAPHY NUMBER | |
| National bibliography number | GB*** |
| 020 ## - INTERNATIONAL STANDARD BOOK NUMBER | |
| International Standard Book Number | 071451053X : |
| Terms of availability | £3.50 |
| 040 ## - CATALOGING SOURCE | |
| Original cataloging agency | DLC |
| Transcribing agency | DLC |
| Modifying agency | DLC |
| 041 1# - LANGUAGE CODE | |
| Language code of text/sound track or separate title | eng |
| Language code of original | fre |
| 050 00 - LIBRARY OF CONGRESS CALL NUMBER | |
| Classification number | PZ3.B38868 |
| Item number | Mq 1976 |
| Classification number | PQ2603.E378 |
| 082 00 - DEWEY DECIMAL CLASSIFICATION NUMBER | |
| Classification number | 843/.9/14 |
| 100 1# - MAIN ENTRY--PERSONAL NAME | |
| Personal name | Beckett, Samuel, |
| Dates associated with a name | 1906-1989. |
| 240 10 - UNIFORM TITLE | |
| Uniform title | Molloy. |
| Language of a work | English |
| 245 10 - TITLE STATEMENT | |
| Title | Molloy ; |
| Remainder of title | Malone dies ; The unnamable / |
| Statement of responsibility, etc. | Samuel Beckett. |
| 260 ## - PUBLICATION, DISTRIBUTION, ETC. | |
| Place of publication, distribution, etc. | London : |
| Name of publisher, distributor, etc. | Calder, |
| Date of publication, distribution, etc. | 1959, 1976 printing. |
| 300 ## - PHYSICAL DESCRIPTION | |
| Extent | 418 p. ; |
| Dimensions | 20 cm. |
| 500 ## - GENERAL NOTE | |
| General note | Translations from the French of Molloy, Malone meurt and L'innommable. |
| 700 12 - ADDED ENTRY--PERSONAL NAME | |
| Personal name | Beckett, Samuel, |
| Dates associated with a name | 1906-1989. |
| Title of a work | Malone meurt. |
| Language of a work | English. |
| 9 (RLIN) | 370 |
| 700 12 - ADDED ENTRY--PERSONAL NAME | |
| Personal name | Beckett, Samuel, |
| Dates associated with a name | 1906-1989. |
| Title of a work | Innommable. |
| Language of a work | English. |
| 9 (RLIN) | 371 |
| 906 ## - LOCAL DATA ELEMENT F, LDF (RLIN) | |
| a | 7 |
| b | cbc |
| c | orignew |
| d | 2 |
| e | ncip |
| f | 19 |
| g | y-gencatlg |
| 942 ## - ADDED ENTRY ELEMENTS (KOHA) | |
| Source of classification or shelving scheme | Dewey Decimal Classification |
| Koha item type | Books |
| Withdrawn status | Lost status | Damaged status | Not for loan | Collection | Home library | Current library | Shelving location | Date acquired | Barcode | Date last seen | Price effective from | Koha item type |
|---|---|---|---|---|---|---|---|---|---|---|---|---|
| Reference | Centerville | Centerville | General stacks | 09/04/2014 | 39999000008234 | 09/04/2014 | 09/04/2014 | Books | ||||
| Reference | Fairview | Fairview | General stacks | 09/04/2014 | 39999000008258 | 09/04/2014 | 09/04/2014 | Books | ||||
| Reference | Midway | Midway | General stacks | 09/04/2014 | 39999000008210 | 09/04/2014 | 09/04/2014 | Books |